| 000 | 00650nam a2200193 4500 | ||
|---|---|---|---|
| 001 | 133400 | ||
| 003 | ES-MaACL | ||
| 005 | 20230906194409.0 | ||
| 007 | t| | ||
| 008 | 070214s1953 sp r ||||1| spa d | ||
| 100 | 1 |
_aRuest, Ernst. _9100538 |
|
| 245 | 1 | 0 |
_aAtención a los accidentes en el laboratorio y en la industria química / _cProf. Dr. Ernst Rüst y Dr. Alfred Ebert ; traducción española del Prof. Dr. Vicente Irauzo. |
| 250 | _a1ª ed. | ||
| 260 |
_aBarcelona : _bNúcleo, _c1953. |
||
| 300 |
_aXII, 313 p. ; _c22 cm. |
||
| 700 | 1 |
_aEbert, Alfred. _946473 |
|
| 700 | 1 |
_aIrauzo, Vicente. _965424 |
|
| 852 |
_aES-MaACL _jD-9285 _bR.34060 |
||
| 999 |
_c133400 _d133400 |
||